LEADER 00982nam a2200229 i 4500 001 000000156911 003 CaOOAMICUS 005 20061218000000.0 008 061218s1966 it u000 u ita u 013 $a134266 040 $aSeMil$bita 100 1 $aFar, Isabella.$0(OLS)http://semarc/name/61298 245 10$aGiorgio De Chirico /$c[Isabella Far]. 260 $aMilano :$bFabbri,$ccopyr. 1966. 300 $a1 v., [16] p. di tav. :$bill. ;$c36 cm. 490 0 $aI maestri del colore : la pił grande collana d'arte del mondo ;$v194 600 14$aDe Chirico, Giorgio <1888-1978>.$0(OLS)http://semarc/subject/7754 830 2$aI maestri del colore : la pił grande collana d'arte del mondo ;$v194.$0(OLS)http://semarc/title/2091 850 $aSeMil 852 $aSeMil$W1$xVenegono$y1$m5H XII 4/194$j108644$B108644$CSeMilBibl$Z2$F118207 $81 996 $6245$aGiorgio De Chirico$9(OLS)http://semarc/title/291774 996 $6260$aMilano :$bFabbri$9(OLS)http://semarc/publisher/30054 LEADER 00973nam a2200253 i 4500 001 000000254882 003 CaOOAMICUS 005 20170703000000.0 008 170703s1999 it u000 u ita u 013 $a233787 020 $a88-15-07241-1 040 $aSeMil$bita 100 1 $aBerselli, Edmondo <1951-2010>.$0(OLS)http://semarc/name/52830 245 10$aCanzoni :$bstorie dell'Italia leggera /$cEdmondo Berselli. 260 $aBologna :$bIl Mulino,$c[1999] 300 $a186 p. ;$c21 cm. 490 0 $aIntersezioni ;$v196. 830 0$aIntersezioni ;$v196.$0(OLS)http://semarc/title/6889 850 $aSeMil 852 $aSeMil$W1$xVenegono$y1$m3Q II 129$j205228$B205228$CSeMilBibl$Z2$F219217 $81 961 $aOmaggio: Lorenzi don Ugo 996 $6020$a88-15-07241-1$9(OLS)http://semarc/number/278452 996 $6245$aCanzoni :$bstorie dell'Italia leggera$9(OLS)http://semarc/title/411235 996 $6260$aBologna :$bIl Mulino$9(OLS)http://semarc/publisher/29842 LEADER 01023nam a2200205 i 4500 001 000000032596 003 CaOOAMICUS 005 20180830125450.0 008 180830s1853 it u000 u ita u 040 $aSeMil$bita 100 1 $aBordoni, Giuseppe Antonio .$0(OLS)http://semarc/name/14765 245 10$aDiscorsi per l'esercizio della buona morte :$bopera divisa in sei parti coll'aggiunta d'un copioso indice delle materie /$cdel padre Giuseppe Antonio Bordoni. 260 $aMilano :$bErnesto Oliva,$c1853. 300 $a2 v. ;$c23 cm. 650 4$aMorte - Meditazioni.$0(OLS)http://semarc/subject/5125 650 4$aMorte - Concezione cristiana.$0(OLS)http://semarc/subject/5126 774 0 $tParte 1., 2. e 3.$g1$w()249820 774 0 $tParte 4., 5., 6. ed ultima.$g2$w()249821 996 $6245$aDiscorsi per l'esercizio della buona morte :$bopera divisa in sei parti coll'aggiunta d'un copioso indice delle materie$9(OLS)http://semarc/title/44166 996 $6260$aMilano :$bErnesto Oliva$9(OLS)http://semarc/publisher/31294 LEADER 01159nam a2200241 i 4500 001 000000200451 003 CaOOAMICUS 005 20141105000000.0 008 141105s1904 it u000 u mul u 013 $a179150 040 $aSeMil$bita 245 10$aF. Petrarca e la Lombardia :$bmiscellanea di studi storici e ricerche critico-bibliografiche /$craccolta per cura della Societą Storica Lombarda ricorrendo il 6. centenario dalla nascita del poeta. 260 $aMilano :$bdalla Sede sociale,$c1904. 300 $a370 p., 8 c. di tav. :$bill. ;$c25 cm. 500 $aFondo card. Giovanni Colombo. 600 14$aPetrarca, Francesco <1304-1374>.$0(OLS)http://semarc/subject/1171 710 2 $aSocietą Storica Lombarda .$0(OLS)http://semarc/name/1712 850 $aSeMil 852 $aSeMil$W1$xVenegono$y1$m3GC IV 112$j150980$B150980$CSeMilBibl$Z2$F162288 $8B 941 1 $a3 961 $aLascito: Colombo Card. Giovanni 996 $6245$aF. Petrarca e la Lombardia :$bmiscellanea di studi storici e ricerche critico-bibliografiche$9(OLS)http://semarc/title/289873 996 $6260$aMilano :$bdalla Sede sociale$9(OLS)http://semarc/publisher/51476